000 01545nam a2200253 i 4500
003 CSPC
005 20241217082237.0
008 231016s2021 onca b 001 0 eng d
020 _a9781774077436
_q(hardcover)
040 _cCSPC
_aCSPC
_beng
_erda
082 0 4 _a004
_bAp584
245 0 0 _aApplications of computer science and technology in different fields /
_cedited by Adele Kuzmiakova.
264 1 _aBurlington, Ontario :
_bArcler Press,
_c2021.
300 _axx, 274 pages :
_billustrations (some color) ;
_c24 cm.
336 _2rdacontent
_atext
337 _2rdamedia
_aunmediated
338 _2rdacarrier
_avolume
504 _aIncludes bibliographical references and index.
505 0 _aHuman-computer interaction -- How computer science and technology have revolutionized the medical sector -- Applications of computer science in business -- Where computer science and linguistics meet -- How has astronomical field benefited from computer science and technology -- Computer science and robotic technology -- Applications of computer science and technology in agriculture -- How computer science and technology changed the sport sector -- Has the transportation sector benefited from computer science and technology -- How has computer science and technology changed the environment.
650 0 _aComputer science.
700 1 _aKuzmiakova, Adele,
_eeditor.
942 _2ddc
_cBK
_h004
_iAp584
_kCIR
_m2021
_n0
999 _c26261
_d26261